| 000 | 00705nam a2200241Ia 4500 | ||
|---|---|---|---|
| 003 | OSt | ||
| 005 | 20220923223306.0 | ||
| 006 | a|||||r|||| 00| 0 | ||
| 007 | ta | ||
| 008 | 220922b |||||||| |||| 00| 0 hin d | ||
| 024 | _a212,982 | ||
| 037 | _cTextual | ||
| 040 |
_aARTS _cARTS _bhin |
||
| 041 |
_2hin _ahin |
||
| 082 | _aO152,3N256,2, K9-;1 | ||
| 100 |
_aअमरकांत _9156280 |
||
| 245 | 0 | _aकाले उजले दिन | |
| 246 | _aKāle ujale dina | ||
| 260 |
_aबम्बई _b वोरा एंड कंपनी _c1969 |
||
| 300 |
_a211पृ. _ccm. |
||
| 942 |
_hO152,3N256,2, K9-;1 _cTEXL _2CC |
||
| 999 |
_c363256 _d363256 |
||